غالب کی چند فارسی تصنیف / (Record no. 106573)

MARC details
000 -LEADER
fixed length control field 00845nam a22002537a 4500
005 - DATE AND TIME OF LATEST TRANSACTION
control field 20170123162314.0
010 ## - LIBRARY OF CONGRESS CONTROL NUMBER
LC control number B-123570
020 ## - INTERNATIONAL STANDARD BOOK NUMBER
Terms of availability 200.00
035 ## - SYSTEM CONTROL NUMBER
System control number B-123570
037 ## - SOURCE OF ACQUISITION
Source of stock number/acquisition Cen Lib/Ret
040 ## - CATALOGING SOURCE
Original cataloging agency DPL
Language of cataloging UR
082 ## - DEWEY DECIMAL CLASSIFICATION NUMBER
Classification number 841.08
Item number ه ن ی
100 ## - MAIN ENTRY--PERSONAL NAME
Personal name حنیف نقوی
9 (RLIN) 113420
245 ## - TITLE STATEMENT
Title غالب کی چند فارسی تصنیف /
Statement of responsibility, etc حنیف نقوی
246 ## - VARYING FORM OF TITLE
Title proper/short title Ghalib ki chand farsi tasaneef /
Remainder of title by Hanef Naqvi
260 ## - PUBLICATION, DISTRIBUTION, ETC. (IMPRINT)
Place of publication, distribution, etc نیو دہلی
Name of publisher, distributor, etc غالب انسٹیٹیوٹ
Date of publication, distribution, etc 2005
270 ## - ADDRESS
City نیو دہلی
Address اعوان غالب مارگ
Postal code 110002
300 ## - PHYSICAL DESCRIPTION
Extent 154p.
Dimensions 19cm(Hb)
650 ## - SUBJECT ADDED ENTRY--TOPICAL TERM
Topical term or geographic name as entry element ادب - اردو
9 (RLIN) 113421
650 ## - SUBJECT ADDED ENTRY--TOPICAL TERM
Topical term or geographic name as entry element فارسی تصنیف
9 (RLIN) 400
650 ## - SUBJECT ADDED ENTRY--TOPICAL TERM
Topical term or geographic name as entry element Literature -- Urdu
9 (RLIN) 113422
650 ## - SUBJECT ADDED ENTRY--TOPICAL TERM
Topical term or geographic name as entry element Farsi tasaneef
9 (RLIN) 113423
942 ## - ADDED ENTRY ELEMENTS (KOHA)
Source of classification or shelving scheme Dewey Decimal Classification
Koha item type Urdu Bks
Classification part 841.08
Call number suffix ه ن ی
Holdings
Withdrawn status Lost status Damaged status Not for loan Home library Current library Date acquired Source of acquisition Cost, normal purchase price Total Checkouts Full call number Barcode Date last seen Copy number Cost, replacement price Price effective from Koha item type
        Central Library Central Library 23/12/2015 Cen Lib/Ret 200.00   841.08 ه ن ی B-123570 23/12/2015 1 200.00 23/12/2015 Urdu Bks

© Delhi Public Library
Hit Counter
free hit counter